UBT Library

Derkanun (Record no. 60837)

000 -LEADER
fixed length control field 00296nam a22001337a 4500
008 - FIXED-LENGTH DATA ELEMENTS--GENERAL INFORMATION
fixed length control field 260220b ||||| |||| 00| 0 eng d
020 ## - INTERNATIONAL STANDARD BOOK NUMBER
International Standard Book Number 9951050255
041 ## - LANGUAGE CODE
Language code of text/sound track or separate title eng
080 ## - UNIVERSAL DECIMAL CLASSIFICATION NUMBER
Universal Decimal Classification number 340.141
100 ## - Rafti
Rafti 20.1
101 ## - Shkurtesa
Shkurtesa roman
245 ## - TITLE STATEMENT
Title Derkanun
Statement of responsibility, etc Dugagjini Ballkan Books
942 ## - ADDED ENTRY ELEMENTS (KOHA)
Source of classification or shelving scheme
Item type Books
Holdings
Withdrawn status Lost status Source of classification or shelving scheme Damaged status Not for loan Collection code Permanent location Current location Date acquired Total Checkouts Barcode Date last seen Price effective from Koha item type
          Koleksioni i përgjithshem UBT - Lipjan UBT - Lipjan 02/25/2026   002-800070999648 02/25/2026 02/25/2026 Books
          Koleksioni i përgjithshem UBT - Lipjan UBT - Lipjan 02/25/2026   002-800070999649 02/25/2026 02/25/2026 Books
          Koleksioni i përgjithshem UBT - Lipjan UBT - Lipjan 03/06/2026   003-80007099933 03/06/2026 03/06/2026 Books
UBT Library © 2015-2024. All rights reserved University Education for Business and Technology